| 000 | 00738cam a2200133 4500500 | ||
|---|---|---|---|
| 005 | 20251214004239.0 | ||
| 041 | _afre | ||
| 042 | _adc | ||
| 100 | 1 | 0 |
_aLambert, Yves _eauthor |
| 245 | 0 | 0 | _aLa naissance des religions : De la phéhistoire aux religions universalistes |
| 260 |
_bArmand Colin,
_c2007. |
||
| 520 | _aPrésentation de l'évolution religieuse de l'humanité dans la logique et la cohérence d'étapes fondamentales qui mènent du chamanisme aux cultes agraires, puis au polythéismes et aux monothéismes. Donne les clés nécessaires pour comprendre le panorama complexe du religieux aujourd'hui. | ||
| 856 | 4 | 1 | _uhttps://shs.cairn.info/la-naissance-des-religions--9782200263461?lang=fr&redirect-ssocas=7080 |
| 999 |
_c1568350 _d1568350 |
||